000 00533nam a22001931a 4500
001 6421
003 OSt
005 20260204212050.0
008 060411s2004||||dr ||||||b||||||||||spa||
050 _aRD 920 B181c
100 _aBalaguer, Joaquín
245 _aEl cristo de la libertad: vida de Juan Pablo Duarte / Joaquín Balaguer
250 _a18
264 _aSanto Domingo : De Colores
300 _a248 p
500 _aIncluye indice.
650 _a1.Biografía Juan Pablo Duarte 2.Literatura 3.HistoriaÌ
942 _2ddc
_cBK
999 _c6421
_d6421